00624nam a22001817a 4500999001900000003000500019020001000024038001400034082002000048100003000068245005400098260006400152300001300216880004300229880005500272942001200327952010300339 c525783d525783NUST q(Hbk) aM. Shaban a891.491092bTAH aTahir, Ihsan Ullah916727 aPunjabi ghzal dai noun ratan /cIhsan Ullah Tahir aLahore :bInstitute of Punjabi language and Culture,c1999. a176 p. ; 6100-01\raاحسان اللہ طاہر 6245-02\raپنجابی غزل دے نوں رتن / 2ddccBK 00102ddc4070aCLbCLcPLITd2019-07-04l0o891.491092 TAHpCL-E-397r2019-07-04w2019-07-04yBK